[Event "FBL 1"]
[Site "Deutschland"]
[Date "2010.02.21"]
[Round "7.1"]
[White "Ohme, Melanie"]
[Black "Kludacz, Magdalena"]
[Result "1-0"]
[WhiteElo "2310"]
[BlackElo "2202"]
[PlyCount "109"]
[EventDate "2009.11.07"]
[EventType "team"]
[EventCountry "GER"]
[WhiteTeam "SC Leipzig-Gohlis"]
[BlackTeam "SAV Torgelow"]

1. e4 c6 2. d4 d5 3. Nc3 dxe4 4. Nxe4 Bf5 5. Ng3 Bg6 6. h4 h6 7. Nf3 Nd7 8. h5
Bh7 9. Bd3 Bxd3 10. Qxd3 e6 11. Bf4 Ngf6 12. O-O-O Nd5 13. Bd2 Nb4 14. Qb3 a5
15. Kb1 a4 16. Qc4 b5 17. Qe2 a3 18. b3 Nd5 19. Ne5 Nxe5 20. dxe5 Qb6 21. c4
bxc4 22. Qxc4 Be7 23. Ne4 O-O 24. Rh3 Qb5 25. Rc1 Rac8 26. Nd6 Qxc4 27. Rxc4
Bxd6 28. exd6 Rfd8 29. Bc1 Rxd6 30. Bxa3 Rd7 31. Rd3 f6 32. Bb2 e5 33. a4 Nb6
34. Rxd7 Nxd7 35. a5 Ra8 36. Bc3 Ra6 37. Kc2 Kf7 38. Kd3 Nf8 39. Rb4 Nd7 40.
Rb7 Ke6 41. Kc4 Ra8 42. b4 Kd6 43. b5 cxb5+ 44. Kxb5 e4 45. Bb4+ Ke6 46. a6 f5
47. a7 f4 48. Ka6 e3 49. fxe3 fxe3 50. Rc7 Nf6 51. Re7+ Kf5 52. Rxe3 Nd5 53.
Rf3+ Kg4 54. Bd6 Nf6 55. Kb7 1-0

[Event "FBL 1"]
[Site "Deutschland"]
[Date "2010.02.21"]
[Round "7.2"]
[White "Kunze, Kerstin"]
[Black "Beltz, Franziska"]
[Result "1-0"]
[WhiteElo "2147"]
[BlackElo "2132"]
[PlyCount "67"]
[EventDate "2009.11.07"]
[EventType "team"]
[EventCountry "GER"]
[WhiteTeam "SAV Torgelow"]
[BlackTeam "SC Leipzig-Gohlis"]

1. c4 Nf6 2. Nf3 g6 3. g3 Bg7 4. Bg2 O-O 5. O-O d5 6. cxd5 Nxd5 7. d4 Nc6 8. e4
Nb6 9. d5 Na5 10. Nc3 c6 11. Nd4 cxd5 12. exd5 e5 13. Nc2 Nac4 14. b3 Nd6 15.
Bb2 Bf5 16. Ne3 Re8 17. Qe2 Qd7 18. g4 Bxg4 19. Nxg4 f5 20. Ne3 f4 21. Ned1 Qe7
22. Ne4 Nf5 23. d6 Qh4 24. Rc1 g5 25. h3 h5 26. Bf3 g4 27. hxg4 hxg4 28. Bxg4
Re6 29. f3 Rh6 30. Qg2 Rf8 31. Rc7 Nd5 32. Bxf5 Nxc7 33. dxc7 Kf7 34. c8=Q 1-0

[Event "FBL 1"]
[Site "Deutschland"]
[Date "2010.02.21"]
[Round "7.3"]
[White "Ulms, Sandra"]
[Black "Chlost, Marlena"]
[Result "1-0"]
[WhiteElo "2127"]
[BlackElo "2171"]
[PlyCount "73"]
[EventDate "2009.11.07"]
[EventType "team"]
[EventCountry "GER"]
[WhiteTeam "SC Leipzig-Gohlis"]
[BlackTeam "SAV Torgelow"]

1. d4 Nf6 2. c4 e6 3. Nf3 Bb4+ 4. Bd2 a5 5. g3 O-O 6. Bg2 b6 7. O-O Ba6 8. Qc2
d5 9. b3 Be7 10. Bc1 c5 11. Bb2 Nc6 12. Rd1 Rc8 13. dxc5 bxc5 14. Nc3 d4 15.
Ne4 Nb4 16. Qb1 Bb7 17. Nxf6+ Bxf6 18. Ng5 Bxg5 19. Bxb7 Rc7 20. Bg2 f5 21. a3
Nc6 22. b4 axb4 23. axb4 cxb4 24. Ra6 Qc8 25. Qa1 e5 26. Bd5+ Kh8 27. Qa4 Nb8
28. Re6 Bf6 29. Qxb4 Ra7 30. Rb6 Be7 31. Qb5 Ra6 32. Rb7 Qe8 33. Qxe8 Rxe8 34.
Bf7 Rf8 35. Rxe7 Ra2 36. Rb7 Nc6 37. Bd5 1-0

[Event "FBL 1"]
[Site "Deutschland"]
[Date "2010.02.21"]
[Round "7.4"]
[White "Pfau, Beate"]
[Black "Bielicki, Birke"]
[Result "1/2-1/2"]
[WhiteElo "2131"]
[BlackElo "2192"]
[PlyCount "33"]
[EventDate "2009.11.07"]
[EventType "team"]
[EventCountry "GER"]
[WhiteTeam "SAV Torgelow"]
[BlackTeam "SC Leipzig-Gohlis"]

1. c4 Nf6 2. Nc3 g6 3. g3 Bg7 4. Bg2 O-O 5. Nf3 d6 6. O-O e5 7. d3 Nc6 8. Rb1
Rb8 9. b4 Bd7 10. b5 Nd4 11. Nxd4 exd4 12. Ne4 Ng4 13. Ng5 Qe7 14. Nf3 c5 15.
bxc6 bxc6 16. Rxb8 Rxb8 17. h3 1/2-1/2

[Event "FBL 1"]
[Site "Deutschland"]
[Date "2010.02.21"]
[Round "7.5"]
[White "Beltz, Carmen"]
[Black "Haack, Karin"]
[Result "1-0"]
[WhiteElo "1979"]
[BlackElo "2022"]
[PlyCount "71"]
[EventDate "2009.11.07"]
[EventType "team"]
[EventCountry "GER"]
[WhiteTeam "SC Leipzig-Gohlis"]
[BlackTeam "SAV Torgelow"]

1. e4 d6 2. d4 Nf6 3. Nc3 g6 4. f4 Bg7 5. Nf3 c6 6. Bd3 O-O 7. O-O Qb6 8. Kh1
Bg4 9. d5 cxd5 10. Nxd5 Nxd5 11. exd5 Na6 12. Qe1 Nc5 13. Bc4 Qc7 14. Qh4 Bf5
15. c3 Ne4 16. Bb3 Nc5 17. Re1 Rfe8 18. Be3 Nxb3 19. axb3 a6 20. Bd4 Rad8 21.
Re3 e5 22. dxe6 Bxe6 23. Rae1 Bxd4 24. Nxd4 Bd7 25. f5 Rxe3 26. Rxe3 Re8 27.
Rxe8+ Bxe8 28. f6 Qa5 29. h3 Qe5 30. Nf3 Qf5 31. Qd4 Qe6 32. Qh4 Qf5 33. Qb4
Qd5 34. Qb6 Qc6 35. Qe3 Qd7 36. Qh6 1-0

[Event "FBL 1"]
[Site "Deutschland"]
[Date "2010.02.21"]
[Round "7.1"]
[White "Paehtz, Elisabeth"]
[Black "Haecker, Sonja"]
[Result "1-0"]
[WhiteElo "2482"]
[BlackElo "2064"]
[PlyCount "73"]
[EventDate "2009.11.07"]
[EventType "team"]
[EventCountry "GER"]
[WhiteTeam "SC Bad Königshofen 1957"]
[BlackTeam "SV Wolfbusch"]

1. e4 c5 2. Nf3 Nc6 3. d4 cxd4 4. Nxd4 Nf6 5. Nc3 d6 6. Bc4 Qb6 7. Nxc6 bxc6 8.
O-O e6 9. Qe2 Be7 10. e5 dxe5 11. Qxe5 O-O 12. Qe2 Rd8 13. b3 Bb7 14. Bb2 Qc7
15. Rfe1 Bb4 16. a3 Bd6 17. h3 Nd7 18. Rad1 Nb6 19. Bd3 Nd5 20. Qh5 Nf6 21. Qh4
Be7 22. Na4 h6 23. Be5 Qc8 24. Qg3 Ne8 25. Qe3 Bf6 26. Qe4 Bxe5 27. Qxe5 Rd5
28. Qe3 Nf6 29. c4 Rd6 30. Bh7+ Kxh7 31. Rxd6 Qc7 32. Qd3+ Kh8 33. Nc5 Qb6 34.
Qe3 Qc7 35. Red1 Rf8 36. Rd7 Nxd7 37. Rxd7 1-0

[Event "FBL 1"]
[Site "Deutschland"]
[Date "2010.02.21"]
[Round "7.2"]
[White "Jussupow, Ekaterina"]
[Black "Nemcova, Katrin"]
[Result "1-0"]
[WhiteElo "2153"]
[BlackElo "2258"]
[PlyCount "35"]
[EventDate "2009.11.07"]
[EventType "team"]
[EventCountry "GER"]
[WhiteTeam "SV Wolfbusch"]
[BlackTeam "SC Bad Königshofen 1957"]

1. d4 Nf6 2. Nc3 d5 3. Bg5 Bf5 4. Nf3 Ne4 5. Nxe4 dxe4 6. Ng1 c5 7. e3 Nc6 8.
c3 f6 9. Bf4 e6 10. Bc4 Qd7 11. Qe2 a6 12. Rd1 b5 13. dxc5 Qa7 14. Bb3 Qxc5 15.
g4 Bg6 16. Bxe6 Rd8 17. Nh3 Bd6 18. Rd5 1-0

[Event "FBL 1"]
[Site "Deutschland"]
[Date "2010.02.21"]
[Round "7.4"]
[White "Djalalova, Nigora"]
[Black "Blazkova, Petra"]
[Result "1-0"]
[WhiteElo "1984"]
[BlackElo "2178"]
[PlyCount "83"]
[EventDate "2009.11.07"]
[EventType "team"]
[EventCountry "GER"]
[WhiteTeam "SV Wolfbusch"]
[BlackTeam "SC Bad Königshofen 1957"]

1. c4 f5 2. b3 e5 3. Bb2 d6 4. g3 Nc6 5. e3 Nf6 6. Bg2 e4 7. Ne2 Ne5 8. Nc1 f4
9. exf4 Bg4 10. Qc2 Nf3+ 11. Kf1 Qe7 12. h3 Bd7 13. Nc3 O-O-O 14. Ba3 Nd4 15.
Qd1 Bc6 16. N1e2 Nf5 17. d4 exd3 18. Qxd3 Bxg2+ 19. Kxg2 Qd7 20. Bb2 Ne7 21.
Rad1 d5 22. Kh2 h5 23. Rhe1 h4 24. g4 Nc6 25. cxd5 Nb4 26. Qd4 Kb8 27. Rc1
Nbxd5 28. Nxd5 Nxd5 29. Red1 Qf7 30. Qc4 c6 31. Be5+ Bd6 32. Bxd6+ Rxd6 33. f5
Qe7 34. Kg2 Re8 35. Nf4 Ne3+ 36. fxe3 Qxe3 37. Rxd6 Qg3+ 38. Kf1 Qf3+ 39. Kg1
Qe3+ 40. Kh1 Qf3+ 41. Ng2 Re2 42. Qg8+ 1-0

[Event "FBL 1"]
[Site "Deutschland"]
[Date "2010.02.21"]
[Round "7.5"]
[White "Mikliaeva, Darja"]
[Black "Stitterich, Nadine"]
[Result "1/2-1/2"]
[WhiteElo "2162"]
[BlackElo "1956"]
[PlyCount "115"]
[EventDate "2009.11.07"]
[EventType "team"]
[EventCountry "GER"]
[WhiteTeam "SC Bad Königshofen 1957"]
[BlackTeam "SV Wolfbusch"]

1. e4 e5 2. Nf3 Nc6 3. Bb5 Nf6 4. Qe2 a6 5. Ba4 b5 6. Bb3 Be7 7. O-O d6 8. h3
O-O 9. c3 Na5 10. Bc2 c5 11. d4 Qc7 12. Rd1 Re8 13. d5 c4 14. b4 cxb3 15. axb3
Bd7 16. Ba3 Bf8 17. Bb4 Nb7 18. c4 Rec8 19. Nbd2 a5 20. Ba3 b4 21. Bb2 Nc5 22.
Ne1 a4 23. bxa4 Bxa4 24. Bxa4 Nxa4 25. Rxa4 Rxa4 26. Nd3 Nd7 27. f4 Nc5 28.
fxe5 Nxd3 29. Qxd3 dxe5 30. Kh1 Ra2 31. Qb3 Ra7 32. Rc1 Bc5 33. Nf3 f6 34. Nh4
Rca8 35. Nf5 Kh8 36. Rd1 Ra6 37. g4 Qd7 38. d6 g6 39. Ne7 Rxd6 40. Nd5 Kg7 41.
g5 Bd4 42. gxf6+ Kf8 43. Bc1 Bc3 44. Kg2 Rxd5 45. Rxd5 Qa7 46. Kf3 Qf7 47. Bg5
Qe6 48. Kg2 Ra3 49. Qd1 Bd4 50. Qg4 Qxg4+ 51. hxg4 Ra2+ 52. Kg3 Ra7 53. Rb5 Bc3
54. Be3 Rd7 55. Bc5+ Kf7 56. g5 Ke6 57. Rb6+ Kf7 58. Bxb4 1/2-1/2

[Event "FBL 1"]
[Site "Deutschland"]
[Date "2010.02.21"]
[Round "7.6"]
[White "Fey, Franziska"]
[Black "Hodova, Lucie"]
[Result "0-1"]
[WhiteElo "1995"]
[BlackElo "2112"]
[PlyCount "54"]
[EventDate "2009.11.07"]
[EventType "team"]
[EventCountry "GER"]
[WhiteTeam "SV Wolfbusch"]
[BlackTeam "SC Bad Königshofen 1957"]

1. d4 d5 2. c4 e6 3. Nc3 Nf6 4. Bg5 Bb4 5. e3 Nbd7 6. Nf3 O-O 7. Bd3 dxc4 8.
Bxc4 c5 9. O-O Bxc3 10. bxc3 Qa5 11. Qd3 b6 12. e4 cxd4 13. cxd4 Bb7 14. Rfe1
h6 15. Bf4 Qh5 16. Re3 Ng4 17. Ree1 e5 18. dxe5 Ndxe5 19. Nxe5 Nxe5 20. Bxe5
Qxe5 21. Qd7 Rab8 22. Kh1 a6 23. f4 Qxf4 24. Rf1 Qxe4 25. Bxf7+ Kh8 26. Qh3
Rbd8 27. Rae1 Rxf7 0-1

[Event "FBL 1"]
[Site "Deutschland"]
[Date "2010.02.21"]
[Round "7.1"]
[White "Rajlich, Iweta"]
[Black "Kononenko, Tatiana"]
[Result "1/2-1/2"]
[WhiteElo "2455"]
[BlackElo "2377"]
[PlyCount "115"]
[EventDate "2009.11.07"]
[EventType "team"]
[EventCountry "GER"]
[WhiteTeam "SK Großlehna"]
[BlackTeam "USV Halle"]

1. d4 d5 2. c4 c6 3. Nc3 dxc4 4. a4 Nf6 5. e3 Bf5 6. Bxc4 e6 7. f3 Nbd7 8. e4
Bg6 9. Nge2 e5 10. Be3 Bd6 11. Ba2 Qe7 12. d5 O-O 13. dxc6 bxc6 14. Ng3 Bc5 15.
Qe2 a5 16. O-O Rab8 17. Rf2 Rfd8 18. Nf1 Bxe3 19. Nxe3 Nc5 20. Rd1 Qa7 21. Nc4
Nfd7 22. Qe3 Qc7 23. Nd6 Nb3 24. Bxb3 Rxb3 25. Rfd2 Rbb8 26. Nc4 f6 27. Rd6 Bf7
28. Qd3 Kf8 29. Ne3 Ke8 30. Qa6 Qb6 31. Qxb6 Nxb6 32. Rxc6 Rxd1+ 33. Nexd1 Bb3
34. Rc7 Kf8 35. Ne3 Nxa4 36. Nxa4 Bxa4 37. Nc4 Be8 38. h4 a4 39. Kh2 h5 40. Ra7
Rb4 41. Nd6 Rb6 42. Nxe8 Kxe8 43. Rxg7 Rxb2 44. Ra7 Ra2 45. Kh3 Ra3 46. Rh7 Kf8
47. Ra7 Kg8 48. Kg3 Ra1 49. Kf2 Ra2+ 50. Kg3 Ra1 51. Kh2 Ra2 52. Rd7 a3 53. Ra7
Ra1 54. g4 hxg4 55. fxg4 a2 56. Kg2 Kh8 57. h5 Kg8 58. Kh2 1/2-1/2

[Event "FBL 1"]
[Site "Deutschland"]
[Date "2010.02.21"]
[Round "7.2"]
[White "Madl, Ildiko"]
[Black "Alexandrova, Olga"]
[Result "1-0"]
[WhiteElo "2390"]
[BlackElo "2391"]
[PlyCount "63"]
[EventDate "2009.11.07"]
[EventType "team"]
[EventCountry "GER"]
[WhiteTeam "USV Halle"]
[BlackTeam "SK Großlehna"]

1. e4 c5 2. Nf3 e6 3. c4 Nc6 4. Nc3 Nd4 5. d3 Ne7 6. Nxd4 cxd4 7. Ne2 Nc6 8. a3
a5 9. g3 a4 10. Bg2 Bc5 11. O-O O-O 12. Nf4 Ne7 13. e5 d6 14. exd6 Qxd6 15. Re1
Ra7 16. Qh5 Bd7 17. Nh3 f6 18. Nf4 e5 19. Nd5 b5 20. Nxe7+ Qxe7 21. cxb5 Bxb5
22. Bd5+ Kh8 23. Be4 f5 24. Bxf5 g6 25. Bxg6 Qf6 26. f4 Rg7 27. Qxe5 Qxe5 28.
Rxe5 Rxg6 29. Rxc5 Bxd3 30. Bd2 Re6 31. Re1 Be2 32. Rd5 1-0

[Event "FBL 1"]
[Site "Deutschland"]
[Date "2010.02.21"]
[Round "7.3"]
[White "Paulet, Iozefina"]
[Black "Lakos, Nikoletta"]
[Result "1-0"]
[WhiteElo "2320"]
[BlackElo "2292"]
[PlyCount "61"]
[EventDate "2009.11.07"]
[EventType "team"]
[EventCountry "GER"]
[WhiteTeam "SK Großlehna"]
[BlackTeam "USV Halle"]

1. e4 c5 2. Nf3 e6 3. d4 cxd4 4. Nxd4 Nf6 5. Nc3 d6 6. Be3 Nc6 7. Qd2 a6 8.
O-O-O Be7 9. f3 O-O 10. g4 Nxd4 11. Bxd4 Qc7 12. g5 Nd7 13. h4 b5 14. Kb1 b4
15. Ne2 Ne5 16. Ng1 Bb7 17. h5 Rac8 18. Rc1 a5 19. g6 fxg6 20. hxg6 hxg6 21.
Bh3 Rf6 22. Qh2 g5 23. Ne2 Kf7 24. f4 gxf4 25. Nxf4 Bxe4 26. Rhf1 Bf5 27. Nd5
exd5 28. Bxf5 Rf8 29. Qh5+ g6 30. Bxg6+ Nxg6 31. Bxf6 1-0

[Event "FBL 1"]
[Site "Deutschland"]
[Date "2010.02.21"]
[Round "7.4"]
[White "Melamed, Tatiana"]
[Black "Karlovich, Anastasia"]
[Result "1-0"]
[WhiteElo "2312"]
[BlackElo "2201"]
[PlyCount "43"]
[EventDate "2009.11.07"]
[EventType "team"]
[EventCountry "GER"]
[WhiteTeam "USV Halle"]
[BlackTeam "SK Großlehna"]

1. e4 e5 2. Nf3 Nc6 3. Bb5 f5 4. Nc3 Nd4 5. O-O c6 6. Ba4 b5 7. Bb3 Nxb3 8.
axb3 b4 9. Na4 fxe4 10. Nxe5 Nf6 11. d3 exd3 12. Qxd3 Qa5 13. Re1 Be7 14. Nc4
Qd5 15. Nab6 Qxd3 16. cxd3 Nd5 17. Nxa8 O-O 18. Be3 Bb7 19. Rxa7 Bxa8 20. Rea1
Nxe3 21. Nxe3 Bh4 22. g3 1-0

[Event "FBL 1"]
[Site "Deutschland"]
[Date "2010.02.21"]
[Round "7.5"]
[White "Kulovana, Eva"]
[Black "Sharevich, Anna"]
[Result "1/2-1/2"]
[WhiteElo "2287"]
[BlackElo "2252"]
[PlyCount "201"]
[EventDate "2009.11.07"]
[EventType "team"]
[EventCountry "GER"]
[WhiteTeam "SK Großlehna"]
[BlackTeam "USV Halle"]

1. e4 c5 2. Nf3 e6 3. b3 Nc6 4. Bb5 Nf6 5. e5 Nd5 6. O-O Be7 7. Bxc6 bxc6 8. c4
Nf4 9. d3 Ng6 10. Nbd2 f6 11. Bb2 O-O 12. Ne4 fxe5 13. Nxe5 Nxe5 14. Bxe5 d6
15. Bg3 d5 16. Nd2 Bd6 17. Nf3 Rf5 18. Qe2 Bxg3 19. fxg3 Qd6 20. Rae1 Bd7 21.
g4 Rf6 22. Qe5 Qxe5 23. Nxe5 Be8 24. Rc1 d4 25. Rfe1 a5 26. Nf3 Bg6 27. Rcd1 a4
28. Re5 axb3 29. axb3 Ra3 30. Rxc5 Rxb3 31. Rxc6 Bxd3 32. Rc8+ Rf8 33. Rxf8+
Kxf8 34. Nxd4 Rc3 35. Nxe6+ Kf7 36. Nf4 Bxc4 37. Rd7+ Kf8 38. h3 Bf7 39. Ra7
Rc4 40. Nd3 Rc2 41. Ra8+ Ke7 42. Ra7+ Kf8 43. Nf2 Bd5 44. Rd7 Bc6 45. Rc7 h6
46. h4 Kg8 47. h5 Kf8 48. Ra7 Rc1+ 49. Kh2 Rc2 50. Rc7 Rxf2 51. Rxc6 Kf7 52.
Rc7+ Kg8 53. Rc6 Ra2 54. Rg6 Ra5 55. Kh3 Kh7 56. Kh4 Ra4 57. Kg3 Ra3+ 58. Kh4
Ra4 59. Re6 Kg8 60. Re5 Rb4 61. Kh3 Kh7 62. g3 Ra4 63. Re6 Ra5 64. Kg2 Kg8 65.
Kf3 Kf7 66. Rg6 Ra3+ 67. Kg2 Ra2+ 68. Kh3 Ra5 69. Kh4 Ra4 70. Rd6 Kg8 71. Kh3
Ra5 72. Rd8+ Kh7 73. Rf8 Ra1 74. Rf5 Ra4 75. Re5 Rb4 76. Re6 Ra4 77. g5 hxg5
78. Rg6 Rb4 79. Rxg5 Kh6 80. Rg6+ Kxh5 81. Rxg7 Kh6 82. Rf7 Kg5 83. Rc7 Rb5 84.
Rc4 Ra5 85. Rg4+ Kh5 86. Rg8 Ra3 87. Re8 Rb3 88. Re5+ Kg6 89. Kh4 Rb4+ 90. g4
Rb6 91. Rg5+ Kh6 92. Rg8 Kh7 93. Re8 Kg6 94. Re5 Ra6 95. Re4 Rb6 96. Kg3 Rb1
97. Re6+ Kg5 98. Re5+ Kg6 99. Rf5 Rg1+ 100. Kh3 Rh1+ 101. Kg2 1/2-1/2

[Event "FBL 1"]
[Site "Deutschland"]
[Date "2010.02.21"]
[Round "7.6"]
[White "Straub, Natalia"]
[Black "Voicu, Carmen"]
[Result "1/2-1/2"]
[WhiteElo "2225"]
[BlackElo "2285"]
[PlyCount "73"]
[EventDate "2009.11.07"]
[EventType "team"]
[EventCountry "GER"]
[WhiteTeam "USV Halle"]
[BlackTeam "SK Großlehna"]

1. d4 Nf6 2. c4 c5 3. d5 e6 4. Nc3 exd5 5. cxd5 d6 6. Nf3 g6 7. g3 Bg7 8. Bg2
O-O 9. O-O a6 10. a4 Nbd7 11. Bf4 Qc7 12. Rc1 Re8 13. b4 Rb8 14. bxc5 Nxc5 15.
Nd4 Qe7 16. Nb3 Nfd7 17. Nd4 Ne5 18. Rb1 Bd7 19. Bxe5 Qxe5 20. e3 h5 21. h4 Bg4
22. Qd2 Rbc8 23. Rb4 Rc7 24. a5 Rec8 25. Na4 Nxa4 26. Rxa4 Qe8 27. Rb4 Be5 28.
Rfb1 Qd7 29. Bf1 Bxd4 30. Qxd4 Rc1 31. Rxb7 Rxb1 32. Rxb1 Qf5 33. Bd3 Qf3 34.
Qe4 Rc5 35. Qxf3 Bxf3 36. Bxa6 Rxa5 37. Bf1 1/2-1/2

[Event "FBL 1"]
[Site "Deutschland"]
[Date "2010.03.13"]
[Round "8.1"]
[White "Steinbacher, Claudia"]
[Black "Michna, Marta"]
[Result "0-1"]
[WhiteElo "2158"]
[BlackElo "2366"]
[PlyCount "148"]
[EventDate "2009.11.07"]
[EventType "team"]
[EventCountry "GER"]
[WhiteTeam "Rodewischer Schachmiezen"]
[BlackTeam "Hamburger SK von 1830"]

1. d4 e6 2. c4 Nf6 3. Nc3 Bb4 4. e3 O-O 5. Nge2 d5 6. a3 Be7 7. Ng3 Nbd7 8. Be2
dxc4 9. Bxc4 c5 10. O-O Nb6 11. Be2 cxd4 12. exd4 Nbd5 13. Bf3 b6 14. Be3 Bb7
15. Qe2 Nxc3 16. bxc3 Bxf3 17. Qxf3 Rc8 18. Rfc1 Rc4 19. a4 Qd5 20. Qe2 Rfc8
21. Bd2 Qa5 22. Qd1 Nd5 23. Ne2 Qa6 24. Qb3 h6 25. Rcb1 Bd6 26. g3 R8c6 27. Qd1
Bc7 28. Be1 Qc8 29. Qd3 Bd8 30. Rb3 Qd7 31. Qb1 Rc8 32. Qa2 Qe7 33. Qb1 Qd7 34.
Rba3 h5 35. h4 Qe7 36. Qe4 g5 37. hxg5 Qxg5 38. R3a2 Qg4 39. f3 Qg7 40. Kg2 Bg5
41. f4 Bd8 42. Qf3 Qg4 43. Bd2 Qf5 44. Rh1 Nf6 45. Rc1 Kg7 46. Be1 Ng4 47. Rca1
Nf6 48. Rb2 Nd5 49. Bd2 Bc7 50. Rh1 Rh8 51. Rh4 Bd8 52. Rh1 Rxa4 53. Nc1 Nf6
54. Re1 Bc7 55. Nd3 Qd5 56. Ne5 Qxf3+ 57. Kxf3 Bxe5 58. fxe5 Nd5 59. Rc1 Rc8
60. Rbc2 Rac4 61. Ke4 b5 62. Kd3 a5 63. Ra2 b4 64. Rxa5 bxc3 65. Be1 Nb4+ 66.
Ke4 Nc6 67. Ra6 Nxd4 68. Kd3 c2 69. Ra3 Nb5 70. Rb3 Rd4+ 71. Ke2 Rd5 72. Re3
Nd4+ 73. Kf2 Rb5 74. Bc3 Rb1 0-1

[Event "FBL 1"]
[Site "Deutschland"]
[Date "2010.03.13"]
[Round "8.2"]
[White "Voiska, Margarita"]
[Black "Winkelmann, Elena"]
[Result "1-0"]
[WhiteElo "2349"]
[BlackElo "2119"]
[PlyCount "57"]
[EventDate "2009.11.07"]
[EventType "team"]
[EventCountry "GER"]
[WhiteTeam "Hamburger SK von 1830"]
[BlackTeam "Rodewischer Schachmiezen"]

1. d4 Nf6 2. c4 e6 3. Nc3 d5 4. Bg5 Be7 5. cxd5 exd5 6. e3 c6 7. Bd3 Nbd7 8.
Nge2 O-O 9. Qc2 Re8 10. O-O Nf8 11. f3 b6 12. Rad1 Bb7 13. Kh1 Rc8 14. Bf5 N6d7
15. Bf4 g6 16. Bh3 Bf6 17. e4 c5 18. dxc5 dxe4 19. Nxe4 Bxe4 20. fxe4 Rxc5 21.
Qb3 Rxe4 22. Ng3 Rxf4 23. Rxf4 Qc7 24. Rff1 Kg7 25. Ne4 Re5 26. Qf3 Qc6 27.
Nxf6 Qxf3 28. Rxf3 Nxf6 29. Rdf1 1-0

[Event "FBL 1"]
[Site "Deutschland"]
[Date "2010.03.13"]
[Round "8.3"]
[White "Kubikova, Alena"]
[Black "Gasik, Anna"]
[Result "1-0"]
[WhiteElo "2123"]
[BlackElo "2189"]
[PlyCount "85"]
[EventDate "2009.11.07"]
[EventType "team"]
[EventCountry "GER"]
[WhiteTeam "Rodewischer Schachmiezen"]
[BlackTeam "Hamburger SK von 1830"]

1. e4 c5 2. Nf3 e6 3. d4 cxd4 4. Nxd4 a6 5. Bd3 Qc7 6. Qe2 d6 7. O-O Nf6 8. Nc3
Nbd7 9. Kh1 b5 10. a3 Be7 11. f4 Bb7 12. Bd2 O-O 13. Rae1 Rfe8 14. e5 Nd5 15.
f5 Nxe5 16. fxe6 Bf6 17. Bxh7+ Kxh7 18. Qe4+ Kh8 19. Nxd5 Qc4 20. Rxf6 Bxd5 21.
Qh4+ Kg8 22. exf7+ Nxf7 23. Rf4 g5 24. Rg4 Re4 25. Bxg5 Rxe1+ 26. Qxe1 Ne5 27.
Rg3 Ra7 28. Bf6+ Kf8 29. Bxe5 dxe5 30. Nf5 Rf7 31. Ne3 Qe4 32. h3 Bc4 33. Qb4+
Ke8 34. Nxc4 bxc4 35. Qb8+ Kd7 36. Qa7+ Ke6 37. Qxa6+ Ke7 38. Qa7+ Ke6 39. Qb6+
Kd5 40. Qd8+ Ke6 41. Qe8+ Re7 42. Qc8+ Kd6 43. Rg6+ 1-0

[Event "FBL 1"]
[Site "Deutschland"]
[Date "2010.03.13"]
[Round "8.4"]
[White "Hegeler, Anja"]
[Black "Kubikova, Hanna"]
[Result "1/2-1/2"]
[WhiteElo "2181"]
[BlackElo "2146"]
[PlyCount "42"]
[EventDate "2009.11.07"]
[EventType "team"]
[EventCountry "GER"]
[WhiteTeam "Hamburger SK von 1830"]
[BlackTeam "Rodewischer Schachmiezen"]

1. e4 c5 2. Nf3 Nc6 3. d4 cxd4 4. Nxd4 Nf6 5. Nc3 e6 6. a3 Be7 7. Be3 O-O 8. f4
d6 9. Qf3 Qa5 10. Bd3 a6 11. O-O Nxd4 12. Bxd4 Qh5 13. Qxh5 Nxh5 14. e5 g6 15.
exd6 Bxd6 16. Ne4 Be7 17. Be2 Ng7 18. Nf6+ Bxf6 19. Bxf6 Nf5 20. Bf3 Ne3 21.
Rf2 Nd5 1/2-1/2

[Event "FBL 1"]
[Site "Deutschland"]
[Date "2010.03.13"]
[Round "8.5"]
[White "Schulz, Anja"]
[Black "Berglitz, Regina"]
[Result "1-0"]
[WhiteElo "1996"]
[BlackElo "2066"]
[PlyCount "69"]
[EventDate "2009.11.07"]
[EventType "team"]
[EventCountry "GER"]
[WhiteTeam "Rodewischer Schachmiezen"]
[BlackTeam "Hamburger SK von 1830"]

1. e4 d5 2. exd5 Qxd5 3. Nc3 Qa5 4. d4 c6 5. Bc4 Bf5 6. Bd2 e6 7. Qe2 Bb4 8.
Nf3 Nf6 9. O-O Nbd7 10. a3 Bxc3 11. Bxc3 Qc7 12. Ne5 Nd5 13. Nxd7 Nxc3 14. bxc3
Kxd7 15. Rfe1 Rhe8 16. Qf3 Bg6 17. Rad1 Rad8 18. Bb3 Kc8 19. Re5 Kb8 20. Rde1
Rd7 21. Ba4 Red8 22. Bb3 h5 23. h4 Qb6 24. a4 Qc7 25. a5 Qd6 26. Rb1 a6 27. Bc4
Kc7 28. Qe2 Rc8 29. Bxe6 fxe6 30. Rxe6 Qd5 31. Rxg6 Qxa5 32. Rg5 Rd5 33. Qe7+
Rd7 34. Qxd7+ Kxd7 35. Rxa5 1-0

[Event "FBL 1"]
[Site "Deutschland"]
[Date "2010.03.13"]
[Round "8.6"]
[White "Schmidt, Jade"]
[Black "Sandner, Heike"]
[Result "1-0"]
[WhiteElo "2003"]
[BlackElo "2043"]
[PlyCount "101"]
[EventDate "2009.11.07"]
[EventType "team"]
[EventCountry "GER"]
[WhiteTeam "Hamburger SK von 1830"]
[BlackTeam "Rodewischer Schachmiezen"]

1. d4 Nf6 2. c4 g6 3. Nc3 Bg7 4. e4 d6 5. f3 O-O 6. Bg5 c6 7. Qd2 e5 8. d5 c5
9. Nge2 Na6 10. Nc1 Bd7 11. Be2 Qc8 12. Nb5 Ne8 13. Be7 f5 14. Bxf8 Kxf8 15.
O-O Kg8 16. Bd3 f4 17. a3 Bf8 18. b4 Qd8 19. Nb3 Qb6 20. bxc5 Nxc5 21. Nxc5
Bxb5 22. cxb5 dxc5 23. Bc4 Nd6 24. Qd3 Kg7 25. Qc3 Kf6 26. a4 Rc8 27. g3 Bh6
28. Kg2 Qc7 29. a5 Qd7 30. Rfb1 g5 31. b6 Nxc4 32. Qxc4 a6 33. Rd1 Qd6 34. Ra2
Bf8 35. Rh1 Kg6 36. h4 Be7 37. gxf4 gxf4 38. h5+ Kf7 39. Kf1 Rg8 40. Rg2 Rxg2
41. Kxg2 h6 42. Kf2 Bg5 43. Rc1 Be7 44. Qf1 Qf6 45. Qh3 Qh4+ 46. Qxh4 Bxh4+ 47.
Ke2 Be7 48. Kd3 Ke8 49. Kc4 Kd7 50. Rg1 Bg5 51. Rxg5 1-0

[Event "FBL 1"]
[Site "Deutschland"]
[Date "2010.03.13"]
[Round "8.1"]
[White "Kononenko, Tatiana"]
[Black "Heinatz, Gundula"]
[Result "1/2-1/2"]
[WhiteElo "2377"]
[BlackElo "2232"]
[PlyCount "74"]
[EventDate "2009.11.07"]
[EventType "team"]
[EventCountry "GER"]
[WhiteTeam "USV Halle"]
[BlackTeam "Karlsruher SF 1853"]

1. d4 Nf6 2. c4 g6 3. Nc3 d5 4. cxd5 Nxd5 5. Bd2 Bg7 6. e4 Nb6 7. Be3 Nc6 8.
Nf3 Bg4 9. d5 Ne5 10. Be2 Bxf3 11. gxf3 O-O 12. Qb3 Qc8 13. h4 c5 14. h5 Rd8
15. O-O-O c4 16. Qc2 e6 17. Kb1 Nd3 18. Bxd3 cxd3 19. Rxd3 Qc4 20. h6 Bf6 21.
Rhd1 Rac8 22. Qd2 Qb4 23. a3 Qf8 24. dxe6 fxe6 25. Bxb6 axb6 26. Qe3 Rxd3 27.
Rxd3 Rc5 28. f4 Bxc3 29. Rxc3 Qxh6 30. Rd3 Qh1+ 31. Ka2 Qc1 32. Rd8+ Kf7 33.
Rd7+ Kg8 34. Rd8+ Kg7 35. Rd7+ Kg8 36. Rd8+ Kg7 37. Rd7+ Kg8 1/2-1/2

[Event "FBL 1"]
[Site "Deutschland"]
[Date "2010.03.13"]
[Round "8.2"]
[White "Lauterbach, Ingrid"]
[Black "Madl, Ildiko"]
[Result "0-1"]
[WhiteElo "2163"]
[BlackElo "2390"]
[PlyCount "78"]
[EventDate "2009.11.07"]
[EventType "team"]
[EventCountry "GER"]
[WhiteTeam "Karlsruher SF 1853"]
[BlackTeam "USV Halle"]

1. e4 c5 2. Nf3 Nc6 3. Bb5 Nf6 4. Nc3 g6 5. O-O Bg7 6. Re1 O-O 7. Nd5 Nxd5 8.
exd5 Nb4 9. Bc4 b5 10. Bxb5 Nxd5 11. c3 Bb7 12. d4 cxd4 13. Nxd4 e6 14. Bf1 Qb6
15. Nb5 a6 16. Na3 Qc7 17. Nc4 a5 18. Na3 Bc6 19. Nb5 Qb8 20. a4 f5 21. Nd4 Bb7
22. Bb5 Qc7 23. Nf3 Rac8 24. Bd2 h6 25. Rc1 Nf6 26. h3 Ne4 27. Be3 Rf7 28. Nd2
Kh7 29. Nc4 d5 30. Bb6 Qb8 31. Na3 Ba8 32. Bd4 e5 33. Be3 f4 34. Bd2 Qb6 35.
Re2 f3 36. Re3 fxg2 37. Be1 Rcf8 38. Rc2 Nxf2 39. Qe2 Nxh3+ 0-1